Statistics for 4 Your Eyez Only (J. Cole Album)

Click here to take the quiz!

General Stats

  • This quiz has been taken 20 times
  • The average score is 8 of 10

Answer Stats

No.Song% Correct
104 Your Eyez Only
100%
7Neighbors
87%
5She's Mine Pt.1
87%
9She's Mine Pt.2
87%
6Change
80%
1For Whom The Bell Tolls
73%
2Immortal
73%
8Foldin Clothes
73%
4Ville Mentality
67%
3Deja Vu
60%

Score Distribution

Percentile by Number Answered

Percent of People with Each Score

Your Score History

You have not taken this quiz